[Event "-chT Youth Countries 2019"]
[Site "Wuerzburg"]
[Date "2019.10.04"]
[Round "5.3"]
[White "Weber, Samuel"]
[Black "Wu, Luka"]
[Result "1-0"]
[WhiteElo "2288"]
[BlackElo "2117"]
[Annotator "NA"]
[PlyCount "95"]
[EventDate "2019.10.02"]
[EventType "team-tourn"]
[EventRounds "7"]
[EventCountry "GER"]
[SourceTitle "playchess.com"]
[Source "ChessBase"]
[SourceQuality "1"]
[WhiteTeam "Hessen"]
[BlackTeam "Baden 1"]
[TimeControl "40/5400+30:1800+30"]

1. e4 {[%emt 0:00:00]} c5 {[%emt 0:00:00]} 2. c4 {[%emt 0:00:00]} Nc6 {[%emt 0:05:07]} 3. g3 {[%emt 0:00:20]} g6 {[%emt 0:01:27]} 4. Bg2 {[%emt 0:01:02]} Bg7 {[%emt 0:00:09]} 5. Ne2 {[%emt 0:00:24]} e6 {[%emt 0:00:21]} 6. Nbc3 {[%emt 0:00:58]} Nge7 {[%emt 0:00:28]} 7. O-O {[%emt 0:00:10]} O-O {[%emt 0:00:37]} 8. Rb1 {[%emt 0:00:20]} Rb8 {[%emt 0:03:06]} 9. d3 {[%emt 0:01:53]} d6 {[%emt 0:00:50]} 10. Be3 {[%emt 0:03:16]} a6 {[%emt 0:00:26]} 11. a4 {[%emt 0:00:44]} Qc7 {[%emt 0:01:36]} 12. Qd2 {[%emt 0:03:45]} Rd8 {[%emt 0:04:01]} 13. b3 {[%emt 0:02:22]} b6 {[%emt 0:00:47]} 14. d4 {[%emt 0:03:29]} e5 {[%emt 0:02:09]} 15. dxe5 {[%emt 0:03:23]} dxe5 {[%emt 0:00:14]} 16. Nd5 {[%emt 0:00:17]} Nxd5 {[%emt 0:01:12]} 17. cxd5 {[%emt 0:05:05]} Nd4 {[%emt 0:00:27]} 18. Nxd4 {[%emt 0:10:19]} cxd4 {[%emt 0:00:48]} 19. Bh6 {[%emt 0:00:06]} Qd6 {[%emt 0:05:21]} 20. Bxg7 {[%emt 0:09:51]} Kxg7 {[%emt 0:00:06]} 21. f4 {[%emt 0:00:10]} f6 {[%emt 0:00:21]} 22. Rf2 {[%emt 0:11:36]} Bd7 {[%emt 0:00:14]} 23. Rbf1 {[%emt 0:03:45]} Rf8 {[%emt 0:00:44]} 24. h4 {[%emt 0:06:03]} b5 {[%emt 0:04:54]} 25. a5 {[%emt 0:16:45]} b4 {[%emt 0:01:11]} 26. h5 {[%emt 0:00:03]} Rbc8 {[%emt 0:05:03]} 27. h6+ {[%emt 0:01:45]} Kg8 {[%emt 0:01:28]} 28. fxe5 {[%emt 0:04:33]} Qxe5 {[%emt 0:07:32]} 29. Qf4 {[%emt 0:00:54]} Bb5 {[%emt 0:02:10]} 30. Qxe5 {[%emt 0:07:00]} fxe5 {[%emt 0:00:06]} 31. Bh3 {[%emt 0:00:05]} Bxf1 {[%emt 0:02:05]} 32. Be6+ {[%emt 0:00:06]} Kh8 {[%emt 0:00:21]} 33. Bxc8 {[%emt 0:00:03]} Rxc8 {[%emt 0:00:52]} 34. Rxf1 {[%emt 0:01:09]} Kg8 {[%emt 0:05:26]} 35. Rf3 {[%emt 0:04:33]} d3 {[%emt 0:12:15]} 36. Kf2 {[%emt 0:01:12]} Rc2+ {[%emt 0:00:30]} 37. Ke3 {[%emt 0:00:30]} d2 {[%emt 0:00:45]} 38. Ke2 {[%emt 0:00:07]} Rc3 {[%emt 0:02:04]} 39. Rxc3 {[%emt 0:00:24]} bxc3 {[%emt 0:00:05]} 40. b4 {[%emt 0:00:04]} Kf7 {[%emt 0:08:49]} 41. b5 {[%emt 0:30:36]} axb5 {[%emt 0:30:09]} 42. a6 {[%emt 0:00:13]} b4 {[%emt 0:00:04]} 43. a7 {[%emt 0:00:10]} b3 {[%emt 0:00:07]} 44. a8=Q {[%emt 0:00:46]} b2 {[%emt 0:00:11]} 45. Qb7+ {[%emt 0:01:02]} Kf6 {[%emt 0:00:05]} 46. Qb3 {[%emt 0:00:00]} Ke7 {[%emt 0:00:00]} 47. Qc2 {[%emt 0:00:00]} Kd6 {[%emt 0:00:00]} 48. Kd3 {[%emt 0:00:00] normal Kxd5} 1-0

[Event "-chT Youth Countries 2019"]
[Site "Wuerzburg"]
[Date "2019.10.04"]
[Round "5.3"]
[White "Richter, Nils"]
[Black "Tschernatsch, Johannes"]
[Result "1-0"]
[WhiteElo "2213"]
[BlackElo "2132"]
[Annotator "NA"]
[PlyCount "175"]
[EventDate "2019.10.02"]
[EventType "team-tourn"]
[EventRounds "7"]
[EventCountry "GER"]
[SourceTitle "playchess.com"]
[Source "ChessBase"]
[SourceQuality "1"]
[WhiteTeam "Württemberg"]
[BlackTeam "Brandenburg/Berlin"]
[TimeControl "40/5400+30:1800+30"]

1. e4 {[%emt 0:00:00]} c5 {[%emt 0:00:00]} 2. Nf3 {[%emt 0:00:00]} d6 {[%emt 0:00:00]} 3. d4 {[%emt 0:00:00]} cxd4 {[%emt 0:00:00]} 4. Nxd4 {[%emt 0:00:00]} Nf6 {[%emt 0:00:00]} 5. Nc3 {[%emt 0:00:07]} a6 {[%emt 0:00:00]} 6. Be3 {[%emt 0:00:41]} e5 {[%emt 0:00:12]} 7. Nb3 {[%emt 0:00:15]} Be7 {[%emt 0:01:16]} 8. f3 {[%emt 0:00:18]} Be6 {[%emt 0:01:06]} 9. Qd2 {[%emt 0:01:12]} O-O {[%emt 0:00:34]} 10. O-O-O {[%emt 0:00:36]} b5 {[%emt 0:00:28]} 11. g4 {[%emt 0:00:27]} Nbd7 {[%emt 0:02:04]} 12. Rg1 {[%emt 0:00:09]} b4 {[%emt 0:06:40]} 13. Nd5 {[%emt 0:00:06]} Bxd5 {[%emt 0:01:26]} 14. exd5 {[%emt 0:00:03]} Nb6 {[%emt 0:02:33]} 15. Na5 {[%emt 0:04:17]} Nfxd5 {[%emt 0:06:59]} 16. Nc6 {[%emt 0:00:14]} Qc7 {[%emt 0:03:52]} 17. Nxe7+ {[%emt 0:00:17]} Qxe7 {[%emt 0:00:40]} 18. Bxb6 {[%emt 0:00:24]} Nxb6 {[%emt 0:00:04]} 19. Qxd6 {[%emt 0:00:08]} Qg5+ {[%emt 0:01:34]} 20. Qd2 {[%emt 0:00:14]} Qe7 {[%emt 0:07:08]} 21. Qe3 {[%emt 0:12:11]} Qe6 {[%emt 0:02:11]} 22. Kb1 {[%emt 0:03:41]} a5 {[%emt 0:02:42]} 23. Bd3 {[%emt 0:03:46]} Rad8 {[%emt 0:04:27]} 24. Rge1 {[%emt 0:07:14]} Rfe8 {[%emt 0:00:43]} 25. Bb5 {[%emt 0:01:48]} Rxd1+ {[%emt 0:03:05]} 26. Rxd1 {[%emt 0:00:15]} Rc8 {[%emt 0:01:32]} 27. Ba6 {[%emt 0:07:22]} Ra8 {[%emt 0:09:33]} 28. Bb7 {[%emt 0:03:22]} Rb8 {[%emt 0:05:01]} 29. Qc5 {[%emt 0:01:13]} g6 {[%emt 0:10:03]} 30. Qc7 {[%emt 0:08:28]} Re8 {[%emt 0:06:12]} 31. b3 {[%emt 0:21:48]} Re7 {[%emt 0:01:57]} 32. Qb8+ {[%emt 0:02:00]} Kg7 {[%emt 0:01:58]} 33. Be4 {[%emt 0:01:34]} Rd7 {[%emt 0:04:15]} 34. Rxd7 {[%emt 0:01:08]} Nxd7 {[%emt 0:00:03]} 35. Qc7 {[%emt 0:00:33]} Nf6 {[%emt 0:03:15]} 36. Qxa5 {[%emt 0:04:04]} Qd6 {[%emt 0:00:41]} 37. Bd3 {[%emt 0:02:30]} Qd4 {[%emt 0:04:27]} 38. a3 {[%emt 0:03:19]} bxa3 {[%emt 0:00:27]} 39. Qxa3 {[%emt 0:00:29]} Nd5 {[%emt 0:01:54]} 40. Qa5 {[%emt 0:02:58]} Nb4 {[%emt 0:07:09]} 41. Qb5 {[%emt 0:37:02]} Qg1+ {[%emt 0:14:45]} 42. Bf1 {[%emt 0:00:00]} Qd4 {[%emt 0:00:10]} 43. Be2 {[%emt 0:00:00]} Qg1+ {[%emt 0:01:22]} 44. Bf1 {[%emt 0:00:00]} Qd4 {[%emt 0:03:48]} 45. Qc4 {[%emt 0:00:00]} Qd1+ {[%emt 0:00:18]} 46. Kb2 {[%emt 0:00:00]} Qxf3 {[%emt 0:00:31]} 47. Be2 {[%emt 0:00:00]} Qe3 {[%emt 0:00:47]} 48. h4 {[%emt 0:00:00]} h6 {[%emt 0:05:40]} 49. Ka3 {[%emt 0:00:00]} Nc6 {[%emt 0:00:47]} 50. Bd3 {[%emt 0:00:00]} Nd4 {[%emt 0:01:55]} 51. c3 {[%emt 0:00:00]} Ne6 {[%emt 0:00:25]} 52. b4 {[%emt 0:00:00]} Nf4 {[%emt 0:01:14]} 53. Be4 {[%emt 0:00:00]} Ne2 {[%emt 0:00:39]} 54. Kb3 {[%emt 0:00:00]} Nxc3 {[%emt 0:00:31]} 55. Bd3 {[%emt 0:00:00]} Ne2 {[%emt 0:00:21]} 56. Ka4 {[%emt 0:00:00]} Qa7+ {[%emt 0:00:32]} 57. Qa6 {[%emt 0:00:00]} Nc3+ {[%emt 0:00:58]} 58. Kb3 {[%emt 0:00:00]} Qxa6 {[%emt 0:01:57]} 59. Bxa6 {[%emt 0:00:00]} Nd5 {[%emt 0:01:21]} 60. Kc4 {[%emt 0:00:00]} Nc7 {[%emt 0:00:46]} 61. Bc8 {[%emt 0:00:00]} f5 {[%emt 0:02:37]} 62. g5 {[%emt 0:00:00]} hxg5 {[%emt 0:00:08]} 63. hxg5 {[%emt 0:00:00]} e4 {[%emt 0:01:07]} 64. Bd7 {[%emt 0:00:00]} Kf7 {[%emt 0:00:14]} 65. b5 {[%emt 0:00:00]} Na8 {[%emt 0:00:36]} 66. Bc6 {[%emt 0:00:00]} Nb6+ {[%emt 0:00:14]} 67. Kc5 {[%emt 0:00:00]} Na4+ {[%emt 0:00:18]} 68. Kb4 {[%emt 0:00:00]} Nb6 {[%emt 0:00:12]} 69. Kc5 {[%emt 0:00:00]} Na4+ {[%emt 0:00:02]} 70. Kd6 {[%emt 0:00:00]} e3 {[%emt 0:00:04]} 71. Bf3 {[%emt 0:00:00]} f4 {[%emt 0:01:01]} 72. Ke5 {[%emt 0:00:00]} Nb6 {[%emt 0:00:53]} 73. Kxf4 {[%emt 0:00:00]} Ke6 {[%emt 0:00:12]} 74. Bg4+ {[%emt 0:00:00]} Kd5 {[%emt 0:00:09]} 75. Kxe3 {[%emt 0:00:00]} Ke5 {[%emt 0:00:45]} 76. Bh3 {[%emt 0:00:00]} Nc4+ {[%emt 0:00:12]} 77. Kf3 {[%emt 0:00:00]} Nb6 {[%emt 0:00:15]} 78. Kg4 {[%emt 0:00:00]} Nd5 {[%emt 0:00:27]} 79. Bg2 {[%emt 0:00:22]} Ne3+ {[%emt 0:00:13]} 80. Kf3 {[%emt 0:00:02]} Nd5 {[%emt 0:00:28]} 81. Bh3 {[%emt 0:00:29]} Nb6 {[%emt 0:00:20]} 82. Kg3 {[%emt 0:00:20]} Kd4 {[%emt 0:01:16]} 83. Be6 {[%emt 0:02:15]} Ke5 {[%emt 0:00:27]} 84. Bb3 {[%emt 0:00:14]} Nc8 {[%emt 0:02:11]} 85. Bc2 {[%emt 0:00:50]} Ne7 {[%emt 0:00:04]} 86. b6 {[%emt 0:00:50]} Kd6 {[%emt 0:00:37]} 87. b7 {[%emt 0:00:08]} Kc7 {[%emt 0:00:06]} 88. Be4 {normal} 1-0

[Event "-chT Youth Countries 2019"]
[Site "Wuerzburg"]
[Date "2019.10.04"]
[Round "5.3"]
[White "Musiolik, David"]
[Black "Grund, Sebastian"]
[Result "1-0"]
[WhiteElo "2195"]
[BlackElo "2054"]
[Annotator "NA"]
[PlyCount "67"]
[EventDate "2019.10.02"]
[EventType "team-tourn"]
[EventRounds "7"]
[EventCountry "GER"]
[SourceTitle "playchess.com"]
[Source "ChessBase"]
[SourceQuality "1"]
[WhiteTeam "Rheinland-Pfalz"]
[BlackTeam "Thüringen"]
[TimeControl "40/5400+30:1800+30"]

1. e4 {[%emt 0:00:00]} c5 {[%emt 0:00:00]} 2. Nf3 {[%emt 0:00:00]} Nc6 {[%emt 0:00:00]} 3. d4 {[%emt 0:00:00]} cxd4 {[%emt 0:00:00]} 4. Nxd4 {[%emt 0:00:00]} g6 {[%emt 0:00:05]} 5. Nc3 {[%emt 0:00:00]} Bg7 {[%emt 0:00:10]} 6. Be3 {[%emt 0:00:15]} Nf6 {[%emt 0:00:08]} 7. Be2 {[%emt 0:00:11]} O-O {[%emt 0:00:16]} 8. Nb3 {[%emt 0:00:09]} d6 {[%emt 0:00:26]} 9. f4 {[%emt 0:00:13]} Bd7 {[%emt 0:07:20]} 10. Bf3 {[%emt 0:11:32]} Na5 {[%emt 0:01:09]} 11. e5 {[%emt 0:14:47]} Ne8 {[%emt 0:01:55]} 12. Nxa5 {[%emt 0:01:06]} Qxa5 {[%emt 0:00:08]} 13. Qd5 {[%emt 0:00:35]} Qc7 {[%emt 0:03:02]} 14. Qxb7 {[%emt 0:05:27]} Qxb7 {[%emt 0:00:16]} 15. Bxb7 {[%emt 0:00:05]} Rb8 {[%emt 0:00:08]} 16. Bd5 {[%emt 0:00:55]} dxe5 {[%emt 0:01:30]} 17. Bxa7 {[%emt 0:01:48]} Rc8 {[%emt 0:03:47]} 18. O-O-O {[%emt 0:05:59]} Bg4 {[%emt 0:05:12]} 19. Bf3 {[%emt 0:02:43]} Bxf3 {[%emt 0:02:23]} 20. gxf3 {[%emt 0:00:06]} Rc7 {[%emt 0:02:00]} 21. Bb8 {[%emt 0:01:34]} Rc5 {[%emt 0:07:07]} 22. Rd5 {[%emt 0:00:49]} Rxd5 {[%emt 0:03:17]} 23. Nxd5 {[%emt 0:00:03]} exf4 {[%emt 0:00:19]} 24. Nxe7+ {[%emt 0:01:02]} Kh8 {[%emt 0:00:26]} 25. Bxf4 {[%emt 0:00:20]} Nf6 {[%emt 0:00:34]} 26. Be5 {[%emt 0:06:19]} Re8 {[%emt 0:01:30]} 27. Bxf6 {[%emt 0:00:57]} Bxf6 {[%emt 0:00:06]} 28. Nd5 {[%emt 0:00:16]} Bg7 {[%emt 0:02:43]} 29. a4 {[%emt 0:12:28]} Ra8 {[%emt 0:01:40]} 30. b3 {[%emt 0:03:30]} Rb8 {[%emt 0:02:15]} 31. Kd2 {[%emt 0:02:04]} Bf8 {[%emt 0:01:26]} 32. Rb1 {[%emt 0:01:33]} Bd6 {[%emt 0:00:36]} 33. h3 {[%emt 0:00:41]} f5 {[%emt 0:03:12]} 34. b4 {[%emt 0:02:22] normal} 1-0

[Event "-chT Youth Countries 2019"]
[Site "Wuerzburg"]
[Date "2019.10.04"]
[Round "5.3"]
[White "Dahl, Christoph"]
[Black "Goldbeck, Lars"]
[Result "0-1"]
[WhiteElo "2178"]
[BlackElo "2203"]
[Annotator "NA"]
[PlyCount "128"]
[EventDate "2019.10.02"]
[EventType "team-tourn"]
[EventRounds "7"]
[EventCountry "GER"]
[SourceTitle "playchess.com"]
[Source "ChessBase"]
[SourceQuality "1"]
[WhiteTeam "Sachsen"]
[BlackTeam "Bayern 1"]
[TimeControl "40/5400+30:1800+30"]

1. e4 {[%emt 0:00:00]} c6 {[%emt 0:00:00]} 2. d4 {[%emt 0:00:00]} d5 {[%emt 0:00:00]} 3. e5 {[%emt 0:00:00]} c5 {[%emt 0:00:39]} 4. dxc5 {[%emt 0:00:34]} e6 {[%emt 0:00:06]} 5. Nf3 {[%emt 0:00:32]} Bxc5 {[%emt 0:00:39]} 6. Bd3 {[%emt 0:00:55]} Ne7 {[%emt 0:00:12]} 7. O-O {[%emt 0:01:02]} Nbc6 {[%emt 0:00:46]} 8. c3 {[%emt 0:01:24]} Ng6 {[%emt 0:02:14]} 9. Qe2 {[%emt 0:01:16]} Bd7 {[%emt 0:03:20]} 10. Bg5 {[%emt 0:00:49]} Qc7 {[%emt 0:00:32]} 11. Re1 {[%emt 0:00:44]} Rc8 {[%emt 0:09:11]} 12. Na3 {[%emt 0:04:50]} Bxa3 {[%emt 0:06:48]} 13. bxa3 {[%emt 0:00:01]} Na5 {[%emt 0:03:51]} 14. h4 {[%emt 0:02:41]} h6 {[%emt 0:02:07]} 15. Bd2 {[%emt 0:02:44]} Ne7 {[%emt 0:03:13]} 16. Nd4 {[%emt 0:03:06]} Nc4 {[%emt 0:02:56]} 17. Bc1 {[%emt 0:05:10]} Qa5 {[%emt 0:04:29]} 18. Bxc4 {[%emt 0:00:38]} Rxc4 {[%emt 0:01:12]} 19. Bb2 {[%emt 0:00:28]} Qd8 {[%emt 0:05:54]} 20. g3 {[%emt 0:03:33]} O-O {[%emt 0:02:09]} 21. Rac1 {[%emt 0:05:50]} a6 {[%emt 0:05:49]} 22. Nf3 {[%emt 0:05:26]} Bb5 {[%emt 0:01:12]} 23. Qc2 {[%emt 0:01:56]} Nf5 {[%emt 0:01:26]} 24. Qd1 {[%emt 0:01:40]} d4 {[%emt 0:13:41]} 25. Nxd4 {[%emt 0:06:35]} Nxd4 {[%emt 0:00:53]} 26. cxd4 {[%emt 0:00:02]} Rxc1 {[%emt 0:00:50]} 27. Qxc1 {[%emt 0:00:19]} Qd5 {[%emt 0:00:22]} 28. Qc5 {[%emt 0:00:10]} Qxa2 {[%emt 0:00:27]} 29. Bc3 {[%emt 0:01:54]} Bc6 {[%emt 0:01:26]} 30. Bb4 {[%emt 0:05:43]} Rd8 {[%emt 0:05:52]} 31. Qc3 {[%emt 0:01:12]} Qd5 {[%emt 0:01:15]} 32. f3 {[%emt 0:00:05]} b6 {[%emt 0:04:38]} 33. Rc1 {[%emt 0:00:55]} Bb7 {[%emt 0:00:23]} 34. Qe3 {[%emt 0:00:13]} Qxd4 {[%emt 0:09:25]} 35. Qxd4 {[%emt 0:00:12]} Rxd4 {[%emt 0:00:02]} 36. Kf2 {[%emt 0:00:11]} a5 {[%emt 0:00:25]} 37. Be1 {[%emt 0:00:06]} g5 {[%emt 0:05:06]} 38. hxg5 {[%emt 0:00:24]} hxg5 {[%emt 0:00:00]} 39. Rb1 {[%emt 0:03:20]} Rd3 {[%emt 0:02:07]} 40. Rxb6 {[%emt 0:00:11]} Bd5 {[%emt 0:01:46]} 41. f4 {[%emt 0:33:12]} Rxa3 {[%emt 0:31:04]} 42. fxg5 {[%emt 0:00:51]} Kg7 {[%emt 0:01:45]} 43. Ra6 {[%emt 0:00:55]} a4 {[%emt 0:00:00]} 44. Bb4 {[%emt 0:00:00]} Rf3+ {[%emt 0:00:00]} 45. Ke1 {[%emt 0:00:00]} Bb3 {[%emt 0:00:00]} 46. Be7 {[%emt 0:00:00]} Kg6 {[%emt 0:00:00]} 47. Ke2 {[%emt 0:00:00]} Rxg3 {[%emt 0:00:00]} 48. Ra8 {[%emt 0:00:00]} Kf5 {[%emt 0:00:00]} 49. Rf8 {[%emt 0:00:00]} a3 {[%emt 0:00:00]} 50. Rxf7+ {[%emt 0:00:00]} Ke4 {[%emt 0:00:00]} 51. Bxa3 {[%emt 0:00:00]} Bc4+ {[%emt 0:00:00]} 52. Kf2 {[%emt 0:00:00]} Rxa3 {[%emt 0:00:28]} 53. g6 {[%emt 0:00:00]} Ra8 {[%emt 0:00:08]} 54. g7 {[%emt 0:00:00]} Rg8 {[%emt 0:00:08]} 55. Kg3 {[%emt 0:00:00]} Kxe5 {[%emt 0:00:23]} 56. Kg4 {[%emt 0:00:00]} Kd6 {[%emt 0:01:14]} 57. Kg5 {[%emt 0:00:00]} e5 {[%emt 0:00:01]} 58. Ra7 {[%emt 0:00:00]} e4 {[%emt 0:01:43]} 59. Kf6 {[%emt 0:00:00]} e3 {[%emt 0:00:33]} 60. Re7 {[%emt 0:00:00]} e2 {[%emt 0:00:18]} 61. Re5 {[%emt 0:00:00]} Kd7 {[%emt 0:01:20]} 62. Re4 {[%emt 0:00:00]} Bd3 {[%emt 0:01:15]} 63. Re6 {[%emt 0:00:00]} Bb5 {[%emt 0:01:06]} 64. Re4 {[%emt 0:00:00]} Bd3 {[%emt 0:01:26] normal} 0-1

[Event "-chT Youth Countries 2019"]
[Site "Wuerzburg"]
[Date "2019.10.04"]
[Round "5.3"]
[White "Gallasch, Jonas"]
[Black "Sulayev, Daniel"]
[Result "1/2-1/2"]
[WhiteElo "2099"]
[BlackElo "2149"]
[Annotator "NA"]
[PlyCount "44"]
[EventDate "2019.10.02"]
[EventType "team-tourn"]
[EventRounds "7"]
[EventCountry "GER"]
[SourceTitle "playchess.com"]
[Source "ChessBase"]
[SourceQuality "1"]
[WhiteTeam "Nordrhein-Westfalen"]
[BlackTeam "Berlin"]
[TimeControl "40/5400+30:1800+30"]

1. Nf3 {[%emt 0:00:00]} c5 {[%emt 0:00:16]} 2. c4 {[%emt 0:00:00]} g6 {[%emt 0:00:18]} 3. g3 Bg7 {[%emt 0:00:19]} 4. Bg2 {[%emt 0:00:22]} Nc6 {[%emt 0:00:22]} 5. Nc3 {[%emt 0:00:22]} e5 {[%emt 0:02:43]} 6. O-O {[%emt 0:00:30]} Nge7 {[%emt 0:00:10]} 7. Ne1 {[%emt 0:00:08]} O-O {[%emt 0:00:41]} 8. Nc2 {[%emt 0:00:13]} d6 {[%emt 0:00:18]} 9. Ne3 {[%emt 0:00:10]} Be6 {[%emt 0:00:31]} 10. d3 {[%emt 0:01:05]} Qd7 {[%emt 0:00:31]} 11. Ned5 {[%emt 0:01:09]} Bh3 {[%emt 0:00:25]} 12. Bg5 {[%emt 0:01:58]} Bxg2 {[%emt 0:01:54]} 13. Kxg2 {[%emt 0:00:23]} Nxd5 {[%emt 0:00:36]} 14. Nxd5 {[%emt 0:00:42]} f5 {[%emt 0:03:56]} 15. Bd2 {[%emt 0:11:28]} Rae8 {[%emt 0:13:44]} 16. Rb1 {[%emt 0:06:15]} Ne7 {[%emt 0:01:57]} 17. e4 {[%emt 0:07:46]} Nxd5 {[%emt 0:00:46]} 18. cxd5 {[%emt 0:00:27]} b5 {[%emt 0:10:06]} 19. f3 {[%emt 0:08:13]} a5 {[%emt 0:06:16]} 20. a3 {[%emt 0:04:54]} b4 {[%emt 0:10:34]} 21. axb4 {[%emt 0:06:37]} axb4 {[%emt 0:00:33]} 22. Ra1 {[%emt 0:00:52]} Ra8 {normal} 1/2-1/2

[Event "-chT Youth Countries 2019"]
[Site "Wuerzburg"]
[Date "2019.10.04"]
[Round "5.3"]
[White "Wu, Leon"]
[Black "Schmekel, Florian"]
[Result "1-0"]
[WhiteElo "2009"]
[BlackElo "2102"]
[Annotator "NA"]
[PlyCount "43"]
[EventDate "2019.10.02"]
[EventType "team-tourn"]
[EventRounds "7"]
[EventCountry "GER"]
[SourceTitle "playchess.com"]
[Source "ChessBase"]
[SourceQuality "1"]
[WhiteTeam "Baden 2"]
[BlackTeam "Mecklenburg-Vorpommern"]
[TimeControl "40/5400+30:1800+30"]

1. e4 {[%emt 0:00:00]} c5 {[%emt 0:00:00]} 2. Nc3 {[%emt 0:00:00]} Nc6 {[%emt 0:00:00]} 3. Bb5 {[%emt 0:00:00]} e6 {[%emt 0:00:14]} 4. Bxc6 {[%emt 0:00:04]} bxc6 {[%emt 0:00:10]} 5. d3 {[%emt 0:00:09]} e5 {[%emt 0:03:29]} 6. f4 {[%emt 0:02:17]} exf4 {[%emt 0:02:11]} 7. Bxf4 {[%emt 0:01:35]} d6 {[%emt 0:00:55]} 8. Nf3 {[%emt 0:00:55]} Be7 {[%emt 0:09:08]} 9. O-O {[%emt 0:02:55]} Nf6 {[%emt 0:01:21]} 10. e5 {[%emt 0:08:47]} Nd5 {[%emt 0:07:42]} 11. exd6 {[%emt 0:04:49]} Nxf4 {[%emt 0:03:03]} 12. dxe7 {[%emt 0:00:27]} Qxe7 {[%emt 0:01:04]} 13. Ne5 {[%emt 0:07:16]} O-O {[%emt 0:08:57]} 14. Nxc6 {[%emt 0:03:48]} Qe3+ {[%emt 0:08:07]} 15. Kh1 {[%emt 0:03:49]} Nxg2 {[%emt 0:07:47]} 16. Nd5 {[%emt 0:06:00]} Qe6 {[%emt 0:03:57]} 17. Nce7+ {[%emt 0:01:33]} Kh8 {[%emt 0:00:44]} 18. Kxg2 {[%emt 0:01:11]} Bb7 {[%emt 0:03:37]} 19. Qf3 {[%emt 0:01:24]} Rfe8 {[%emt 0:07:16]} 20. Rae1 {[%emt 0:02:23]} Bxd5 {[%emt 0:01:26]} 21. Qxd5 {[%emt 0:05:24]} Qg4+ {[%emt 0:03:12]} 22. Kh1 {[%emt 0:00:38] normal} 1-0

[Event "-chT Youth Countries 2019"]
[Site "Wuerzburg"]
[Date "2019.10.04"]
[Round "5.3"]
[White "Lohr, Maximilian"]
[Black "Stelmaszyk, Nico"]
[Result "1/2-1/2"]
[WhiteElo "1996"]
[BlackElo "2190"]
[Annotator "NA"]
[PlyCount "118"]
[EventDate "2019.10.02"]
[EventType "team-tourn"]
[EventRounds "7"]
[EventCountry "GER"]
[SourceTitle "playchess.com"]
[Source "ChessBase"]
[SourceQuality "1"]
[WhiteTeam "Bayern 2"]
[BlackTeam "Niedersachsen"]
[TimeControl "40/5400+30:1800+30"]

1. e4 {[%emt 0:00:00]} c5 {[%emt 0:00:00]} 2. Nf3 {[%emt 0:00:00]} e6 {[%emt 0:00:00]} 3. d4 {[%emt 0:00:00]} cxd4 {[%emt 0:00:00]} 4. Nxd4 {[%emt 0:00:00]} Nc6 {[%emt 0:00:00]} 5. Nc3 {[%emt 0:00:00]} Nf6 {[%emt 0:00:00]} 6. Ndb5 {[%emt 0:00:00]} d6 {[%emt 0:00:00]} 7. Bf4 {[%emt 0:00:05]} e5 {[%emt 0:00:01]} 8. Bg5 {[%emt 0:00:03]} a6 {[%emt 0:00:06]} 9. Na3 {[%emt 0:00:04]} b5 {[%emt 0:00:04]} 10. Nd5 {[%emt 0:00:12]} Be7 {[%emt 0:00:07]} 11. Bxf6 {[%emt 0:00:04]} Bxf6 {[%emt 0:00:05]} 12. c4 {[%emt 0:00:03]} b4 {[%emt 0:01:18]} 13. Nc2 {[%emt 0:01:24]} a5 {[%emt 0:00:22]} 14. g3 {[%emt 0:00:21]} Bg5 {[%emt 0:02:22]} 15. Bg2 {[%emt 0:00:09]} O-O {[%emt 0:00:50]} 16. O-O {[%emt 0:00:04]} Bh6 {[%emt 0:10:08]} 17. Qd3 {[%emt 0:05:50]} Ra7 {[%emt 0:03:56]} 18. Rad1 {[%emt 0:03:57]} Bg4 {[%emt 0:01:18]} 19. f3 {[%emt 0:04:01]} Be6 {[%emt 0:01:08]} 20. b3 {[%emt 0:00:42]} Kh8 {[%emt 0:02:11]} 21. Kh1 {[%emt 0:01:10]} f5 {[%emt 0:04:24]} 22. f4 {[%emt 0:04:43]} fxe4 {[%emt 0:23:22]} 23. Bxe4 {[%emt 0:02:05]} Bg4 {[%emt 0:03:54]} 24. Rde1 {[%emt 0:06:50]} exf4 {[%emt 0:20:35]} 25. gxf4 {[%emt 0:01:10]} Raf7 {[%emt 0:07:08]} 26. Qg3 {[%emt 0:29:32]} Bd7 {[%emt 0:06:59]} 27. Nce3 {[%emt 0:04:25]} Ne7 {[%emt 0:07:32]} 28. Nxe7 {[%emt 0:08:32]} Qxe7 {[%emt 0:01:21]} 29. Nd5 {[%emt 0:00:21]} Qd8 {[%emt 0:00:41]} 30. Rf2 {[%emt 0:05:03]} Bg5 {[%emt 0:02:26]} 31. fxg5 {[%emt 0:06:01]} Rxf2 {[%emt 0:00:08]} 32. Nf6 {[%emt 0:03:08]} R8xf6 {[%emt 0:01:53]} 33. gxf6 {[%emt 0:00:36]} Qxf6 {[%emt 0:00:15]} 34. Bg2 {[%emt 0:02:39]} Rxa2 {[%emt 0:01:06]} 35. c5 {[%emt 0:04:58]} Ra1 {[%emt 0:00:55]} 36. c6 {[%emt 0:00:56]} Bc8 {[%emt 0:00:16]} 37. Qe3 {[%emt 0:01:42]} Rxe1+ {[%emt 0:00:29]} 38. Qxe1 {[%emt 0:00:02]} Qe6 {[%emt 0:00:49]} 39. Qh4 {[%emt 0:01:50]} Qf6 {[%emt 0:00:41]} 40. Qe1 {[%emt 0:00:07]} Qe5 {[%emt 0:00:20]} 41. Qf1 {[%emt 0:33:27]} Bf5 {[%emt 0:04:22]} 42. c7 {[%emt 0:00:00]} Qc5 {[%emt 0:01:37]} 43. h3 {[%emt 0:00:00]} g6 {[%emt 0:01:28]} 44. Qa1+ {[%emt 0:00:00]} Qe5 {[%emt 0:05:43]} 45. Qc1 {[%emt 0:00:00]} Qc3 {[%emt 0:05:11]} 46. Qh6 {[%emt 0:00:00]} Qe1+ {[%emt 0:00:31]} 47. Kh2 {[%emt 0:00:00]} Qe5+ {[%emt 0:00:55]} 48. Kh1 {[%emt 0:00:00]} Kg8 {[%emt 0:00:47]} 49. Qh4 {[%emt 0:00:00]} Kg7 {[%emt 0:02:28]} 50. Qd8 {[%emt 0:00:00]} Qe6 {[%emt 0:03:35]} 51. Bb7 {[%emt 0:00:00]} Qxb3 {[%emt 0:02:04]} 52. Qe7+ {[%emt 0:00:00]} Qf7 {[%emt 0:00:39]} 53. Qxd6 {[%emt 0:00:00]} h6 {[%emt 0:01:28]} 54. Qe5+ {[%emt 0:00:00]} Kh7 {[%emt 0:00:37]} 55. Qxa5 {[%emt 0:00:00]} b3 {[%emt 0:01:05]} 56. Bd5 {[%emt 0:00:00]} Qe7 {[%emt 0:03:15]} 57. Qc3 {[%emt 0:00:39]} b2 {[%emt 0:02:03]} 58. Qxb2 {[%emt 0:00:04]} Qxc7 {[%emt 0:00:08]} 59. Kg2 {[%emt 0:02:24]} Qg7 {[%emt 0:00:06] normal} 1/2-1/2